مشكلات ما بعد الطبيعة / (Record no. 14464)
[ view plain ]
| 000 -الفاتح | |
|---|---|
| حقل البيانات ثابتة الطول | 01148nam a22002417a 4500 |
| 008 - عناصر البيانات ثابتة الطول - معلومات عامة | |
| حقل البيانات ثابتة الطول | 100712s1961 xxu||||| |||| 00| 0 ara d |
| 082 ## - رقم تصنيف ديوى العشرى | |
| رقم الطبعة | 22 |
| رقم التصنيف | 100 |
| رقم المادة | ج ا ن |
| 100 1# - المدخل الرئيسى - إسم شخصى | |
| 9 (RLIN) | 16212 |
| الإسم الشخصى | جانيه ، بول |
| 245 ## - بيان العنوان | |
| العنوان | مشكلات ما بعد الطبيعة / |
| بيان المسئوليه,etc | بول جانيه ، جبريل سياى ؛ ترجمة يحيى هويدي ؛ مراجعه محمد مصطفى حلمى |
| 260 ## - PUBLICATION, DISTRIBUTION, ETC. (IMPRINT) | |
| مكان الناشر او الموزع | القاهرة : |
| اسم الناشر او الموزع | مكتبة الأنجلو المصرية ، |
| تاريخ النشر أو التوزيع | 1961. |
| 300 ## - الوصف المادى | |
| التعداد | 325 ص : |
| أبعاد الوعاء | 24 سم. |
| 504 ## - تبصرة ببليوجرافية | |
| تبصرة ببليوجرافية,الخ | يشتمل على إرجاعات ببليوجرافية |
| 541 ## - تبصرة المصدر المباشر للتزويد | |
| مصدر التزويد | ألف باء ؛ |
| طريقة التزويد | شراء ؛ |
| 650 ## - المدخل الاضافى بالموضوع-مصطلح موضوعى | |
| 9 (RLIN) | 16209 |
| مصطلح موضوعي أو اسم جغرافي كعنصر مدخل | الفلسفة |
| 650 ## - المدخل الاضافى بالموضوع-مصطلح موضوعى | |
| 9 (RLIN) | 16216 |
| مصطلح موضوعي أو اسم جغرافي كعنصر مدخل | الميتافيزيقا |
| 650 ## - المدخل الاضافى بالموضوع-مصطلح موضوعى | |
| 9 (RLIN) | 16217 |
| مصطلح موضوعي أو اسم جغرافي كعنصر مدخل | الفلسفة القديمة |
| 650 ## - المدخل الاضافى بالموضوع-مصطلح موضوعى | |
| 9 (RLIN) | 16218 |
| مصطلح موضوعي أو اسم جغرافي كعنصر مدخل | الفلسفة الحديثة |
| 700 ## - المدخل الاضافى - اسم شخصى | |
| 9 (RLIN) | 16213 |
| الإسم الشخصى | سياى ، جبريل |
| 700 ## - المدخل الاضافى - اسم شخصى | |
| 9 (RLIN) | 16214 |
| الإسم الشخصى | هويدى ، يحيى |
| الدور | ترجمه |
| 700 ## - المدخل الاضافى - اسم شخصى | |
| 9 (RLIN) | 16215 |
| الإسم الشخصى | حلمى ، محمد مصطفى |
| الدور | راجعه |
| 942 ## - عناصر المدخل الإضافي( كوها) | |
| مصدر التصنيف او مخطط الترفيف | Dewey Decimal Classification |
| Koha [default] item type | Book - Borrowing |
| حالة التراجع | حالة الفقد | مصدر التصنيف او خطة الترفيف | حالة تلف | ليس للاعارة | مجموعات كوها | المكان الدائم | المكان الحالي | موقع الترفيف | تاريخ الاكتساب | Source of acquisition | رقم الاستدعاء | الباركود | Date last seen | نوع الوعاء |
|---|---|---|---|---|---|---|---|---|---|---|---|---|---|---|
| Dewey Decimal Classification | Alef-Baa | Central Library | Central Library | Lower Floor | 12/07/2010 | 100 جان | 000021044 | 15/07/2025 | Book - Borrowing |